Makroekonomické porovnanie štátov SNŠ: prípadová štúdia - Ukrajina a Kazachstan
Analýza vybraných makroekonomických ukazovateľov Ukrajiny a Kazachstanu. Identifikácia podobnosti a odlišnosti ich vývoja. Kazachstan a Ukrajina sú druhou resp. treťou najväčšou ekonomikou Spoločenstva nezávislých štátov, nemajú spoločné hranice, ale majú niekoľko spoločných ekonomických vlastností....
Saved in:
| Main Author: | |
|---|---|
| Other Authors: | |
| Format: | Book Chapter |
| Language: | Slovak |
| Subjects: | |
| Tags: |
No Tags, Be the first to tag this record!
|
MARC
| LEADER | 00000naa a2200000 4500 | ||
|---|---|---|---|
| 001 | 0164386 | ||
| 005 | 20240502072852.5 | ||
| 041 | 0 | |a slo | |
| 044 | |a SK | ||
| 245 | 1 | 0 | |a Makroekonomické porovnanie štátov SNŠ: prípadová štúdia - Ukrajina a Kazachstan |c Leonid Raneta, Aisulu Kozhabayeva |
| 520 | |a Analýza vybraných makroekonomických ukazovateľov Ukrajiny a Kazachstanu. Identifikácia podobnosti a odlišnosti ich vývoja. Kazachstan a Ukrajina sú druhou resp. treťou najväčšou ekonomikou Spoločenstva nezávislých štátov, nemajú spoločné hranice, ale majú niekoľko spoločných ekonomických vlastností. Oba tieto štáty sú významnými obchodnými partnermi Ruska a majú niektoré podobné charakteristiky zahraničnej politiky a ekonomických prostredí. | ||
| 610 | 2 | 0 | |a Rusko |
| 610 | 2 | 0 | |a situácia hospodárska |
| 610 | 2 | 0 | |a Ukrajina |
| 610 | 2 | 0 | |a Kazachstan |
| 610 | 2 | 0 | |a Spoločenstvo nezávislých štátov |
| 610 | 2 | 0 | |a ukazovatele makroekonomické |
| 610 | 2 | 0 | |a analýza komparatívna |
| 100 | 1 | |a Raneta, Leonid, 1982- | |
| 700 | 1 | |a Kozhabayeva, Aisulu | |